Логистика (Запись № 1818133)

Подробности
000 -МАРКЕР
контрольное поле 02000nam0a2200409 4500
001 - ИДЕНТИФИКАТОР ЗАПИСИ
контрольное поле RU\NLR\bibl\1816468
005 - ИДЕНТИФИКАТОР ВЕРСИИ
контрольное поле 20260405133830.0
010 ## - МЕЖДУНАРОДНЫЙ СТАНДАРТНЫЙ НОМЕР КНИГИ (ISBN)
Номер (ISBN) 978-5-9916-1560-0
Тираж 1000
021 ## - НОМЕР ГОСУДАРСТВЕННОЙ РЕГИСТРАЦИИ
Код страны Российская Федерация
Номер 2011-68105
Номер Листа государственной регистраци 4807
035 ## - ДРУГИЕ СИСТЕМНЫЕ НОМЕРА
Идентификатор записи (NLR Aleph) 001807046
100 ## - ДАННЫЕ ОБЩЕЙ ОБРАБОТКИ
Данные общей обработки 20111006d2012 |||y0rusy50 ca
101 0# - ЯЗЫК РЕСУРСА
Язык текста, звукозаписи и т.д. русский
102 ## - СТРАНА ПУБЛИКАЦИИ ИЛИ ПРОИЗВОДСТВА
Страна публикации Российская Федерация
105 ## - ПОЛЕ КОДИРОВАННЫХ ДАННЫХ: ТЕКСТОВЫЕ МАТЕРИАЛЫ, МОНОГРАФИЧЕСКИЕ
Кодированные данные о монографическом текстовом документе a |||||||||
200 1# - ЗАГЛАВИЕ И СВЕДЕНИЯ ОБ ОТВЕТСТВЕННОСТИ
Основное заглавие Логистика
Сведения, относящиеся к заглавию базовый курс
-- учебник для бакалавров
-- по направлению "Менеджмент"
Первые сведения об ответственности М.Н. Григорьев, С.А. Уваров
205 ## - СВЕДЕНИЯ ОБ ИЗДАНИИ
Сведения об издании 2-е изд., испр. и доп.
210 ## - ПУБЛИКАЦИЯ, РАСПРОСТРАНЕНИЕ И ДР.
Место издания, распространения и т.д. Москва
Имя издателя, распространителя и т. д. Юрайт
Дата издания, распространения и т.д. 2012 [т.е. 2011]
215 ## - ФИЗИЧЕСКАЯ ХАРАКТЕРИСТИКА
Специфическое обозначение материала и объем 818 с.
Другие сведения о физической характеристике ил.
Размеры 21
225 1# - СЕРИЯ
Основное заглавие серии Учебно-методическое объединение рекомендует
225 1# - СЕРИЯ
Основное заглавие серии Учебник
225 1# - СЕРИЯ
Основное заглавие серии Бакалавр
300 ## - ОБЩИЕ ПРИМЕЧАНИЯ
Текст примечания На обороте тит. л. авт.: Григорьев М.Н. - проф., к.т.н., засл. изобретатель РФ, Уваров С.А. - проф., д.э.н.
300 ## - ОБЩИЕ ПРИМЕЧАНИЯ
Текст примечания На обл.: 2-е изд., доп.
300 ## - ОБЩИЕ ПРИМЕЧАНИЯ
Текст примечания Кн. фактически изд. в 2011 г.
320 ## - ПРИМЕЧАНИЯ О НАЛИЧИИ В ДОКУМЕНТЕ БИБЛИОГРАФИИ / УКАЗАТЕЛЯ
Текст примечания Библиогр.: с. 812-818 (100 назв.)
606 1# - НАИМЕНОВАНИЕ ТЕМЫ КАК ПРЕДМЕТ
Наименование темы Логистика в экономике
Формальный подзаголовок Учебники для высших учебных заведений
Системный номер авторитетной/нормативной записи 2168149
Идентификатор авторитетной/нормативной записи RU\NLR\auth\661304395
686 ## - ИНДЕКСЫ ДРУГИХ КЛАССИФИКАЦИЙ
Индекс У40(0)в611я73
700 #1 - ИМЯ ЛИЦА - ПЕРВИЧНАЯ ОТВЕТСТВЕННОСТЬ
Код отношения Автор
Графика поля Кириллица
Материалы, к которым относится поле rus
Начальный элемент ввода Григорьев
Часть имени, кроме начального элемента ввода М. Н.
Дополнения к именам, кроме дат канд. техн. наук, ракетостроение
Расширение инициалов личного имени Михаил Николаевич
Системный номер авторитетной/нормативной записи 37397
Идентификатор авторитетной/нормативной записи RU\NLR\AUTH\7754465
701 #1 - ИМЯ ЛИЦА - АЛЬТЕРНАТИВНАЯ ОТВЕТСТВЕННОСТЬ
Код отношения Автор
Графика поля Кириллица
Материалы, к которым относится поле rus
Начальный элемент ввода Уваров
Часть имени, кроме начального элемента ввода С. А.
Дополнения к именам, кроме дат д-р экон. наук
Даты 1951-
Расширение инициалов личного имени Сергей Алексеевич
Системный номер авторитетной/нормативной записи 37398
Идентификатор авторитетной/нормативной записи RU\NLR\AUTH\7754466
801 #0 - ИСТОЧНИК ЗАПИСИ
Страна Российская Федерация
Организация NLR
Дата составления 20111006
Правила каталогизации RCR
801 #1 - ИСТОЧНИК ЗАПИСИ
Страна Российская Федерация
Организация NLR
Дата составления 20111006
942 ## - ДОПОЛНИТЕЛЬНЫЕ ЭЛЕМЕНТЫ ЗАПИСИ (АБИС)
Тип экземпляра АБИС Книга
980 ## - КОЛЛЕКЦИЯ
Название коллекции Национальная библиография
980 ## - КОЛЛЕКЦИЯ
Название коллекции НБР
Экземпляры
Тип экземпляра Дата поступления Источник поступления Библиотека постоянного хранения Библиотека текущего хранения Место хранения Шифр хранения Штрих-код Статус экземпляра Стоимость
Книга 06.10.2011 Обязательный экземпляр РНБ (Московский) РНБ (Московский) Русский книжный фонд: издания с 1957 года 2011-3/30524 3501476    
Книга 06.10.2011 Обязательный экземпляр РНБ (Московский) РНБ (Московский) Русский книжный фонд: издания с 1957 года 2011-3/30524 3501477    
Книга 11.10.2012 Покупка РНБ (Московский) РНБ (Московский) Фонд общего зала социально-экономической литературы С1 У40/Г-834 1-353685   531.00